La metamorfosis /
Kaydedildi:
| Yazar: | |
|---|---|
| Diğer Yazarlar: | , |
| Materyal Türü: | Elektronik Ekitap |
| Dil: | İspanyolca Almanca |
| Baskı/Yayın Bilgisi: |
Madrid :
Biblioteca Nueva,
2005.
|
| Edisyon: | 2a ed. |
| Seri Bilgileri: | Clásicos del pensamiento (Biblioteca Nueva (Firm)) ;
11. |
| Konular: | |
| Online Erişim: | Digitalia Hispánica |
| Etiketler: |
Etiketle
Etiket eklenmemiş, İlk siz ekleyin!
|
MARC
| LEADER | 00000nam a2200000Ii 4500 | ||
|---|---|---|---|
| 001 | DIGBIN01511 | ||
| 003 | NyNyDIG | ||
| 006 | m o d | ||
| 007 | cr ||||||||||| | ||
| 008 | 100625s2005 sp ob 000 0 spa d | ||
| 020 | |z 8470308645 | ||
| 020 | |z 9788470308642 | ||
| 035 | |a (OCoLC)888256246 | ||
| 040 | |a DGITA |b eng |e pn |c DGITA | ||
| 041 | 1 | |a spa |h ger | |
| 050 | 1 | 4 | |a PT2621.A26 eBook |
| 100 | 1 | |a Kafka, Franz, |d 1883-1924. | |
| 240 | 1 | 0 | |a Verwandlung. |l Spanish |
| 245 | 1 | 3 | |a La metamorfosis / |c Franz Kafka ; introducción de José M.a González García ; [traducción de Carlos Fortea]. |
| 250 | |a 2a ed. | ||
| 264 | 1 | |a Madrid : |b Biblioteca Nueva, |c 2005. | |
| 300 | |a 1 online resource (131 pages) | ||
| 336 | |a text |b txt |2 rdacontent | ||
| 337 | |a computer |b c |2 rdamedia | ||
| 338 | |a online resource |b cr |2 rdacarrier | ||
| 490 | 1 | |a Clásicos del pensamiento ; |v 11. | |
| 500 | |a Translation of: Die Verwandlung. | ||
| 500 | |a "Traducción de Carlos Portea, cedida por Editorial Debate" | ||
| 504 | |a Includes bibliographical references (p. [49]-51), and chronology (p. [53]-66). | ||
| 600 | 1 | 0 | |a Kafka, Franz, |d 1883-1924. |
| 655 | 0 | |a Electronic books. | |
| 700 | 1 | |a González García, José M. | |
| 700 | 1 | |a Fortea, Carlos. | |
| 791 | 2 | |a Digitalia (Firm), |e distributor. | |
| 830 | 0 | |a Clásicos del pensamiento (Biblioteca Nueva (Firm)) ; |v 11. | |
| 793 | 0 | |g Digitalia eBook Collection: |a Biblioteca Nueva | |
| 856 | 4 | 0 | |3 Digitalia Hispánica |u https://digitalia.unach.elogim.com/a/4732/ |
| 910 | |a Premium Collection: 2007-2012 | ||